000 00965nam a2200265 4500
001 8621
003 CO-ViMGA
005 20260311193338.0
008 260311b |||||||| |||| 00| 0 eng d
020 _a9789587577686
020 _a373884577686
040 _aCO-ViMGA
_bspa
_cCO-ViMGA
084 _aH MAT7
100 1 _aGonzález ""Matador", Julio César
_d1969-
_92139
245 1 0 _aEste mundo loco /
_cMatador
300 _a156 páginas
_b ilustraciones en blanca y negro ; 21 cm
490 _aPlan Nacional de Lectura y Escritura Leer es mi Cuento / Ministerio de Cultura
500 _aRecomendado para público adulto
650 1 4 _aHumorismo Grafico Colombiano
_ySiglo Xx
_969376
650 1 4 _aPolitica - Aspectos Sociales - Caricaturas Y Tiras Càmicas
_969377
650 1 4 _aPoliticos - Caricaturas Y Tiras Comicas
_969378
650 1 4 _aTiras Comicas, Historietas, Etc.
700 1 _aGonzález ""Matador", Julio César,
_d1969-
_92139
942 _2ddc
_cBK
999 _c8621
_d8621